[Event "3 Festival  Usciamo dallo Stallo"]
[Site "?"]
[Date "2022.06.26"]
[Round "4"]
[White "Piangerelli, Michele"]
[Black "Pallante, Simone"]
[Result "1/2-1/2"]
[WhiteElo "2078"]
[BlackElo "1888"]
[PlyCount "101"]
[EventDate "2022.??.??"]

1. d4 Nf6 2. c4 c5 3. Nf3 cxd4 4. Nxd4 e5 5. Nc2 Nc6 6. Nc3 Be7 7. e4 O-O 8.
Be3 d6 9. Be2 Be6 10. O-O Nd7 11. Nd5 Nc5 12. f3 Bg5 13. Bxg5 Qxg5 14. b4 Na4
15. Qd3 Bxd5 16. cxd5 Ne7 17. Qb3 Nb6 18. Qe3 Qxe3+ 19. Nxe3 f5 20. Rfc1 f4 21.
Nf1 Rac8 22. Nd2 Na4 23. Nc4 Rfd8 24. Bd1 Nb6 25. Nxb6 axb6 26. Kf2 g5 27. Ke1
Kf7 28. Kd2 Ng6 29. Ke1 h5 30. Kf2 Ke7 31. Be2 Nf8 32. Bb5 Nh7 33. g3 fxg3+ 34.
hxg3 Nf6 35. Bd3 Rf8 36. Ke3 g4 37. Be2 gxf3 38. Bxf3 Rg8 39. Kf2 Rcf8 40. Rc7+
Kd8 41. Rac1 Nxe4+ 42. Ke3 Nxg3 43. Rc8+ Ke7 44. R1c7+ Kf6 45. Rxf8+ Rxf8 46.
Rxb7 Ra8 47. Rxb6 Nf5+ 48. Kf2 Rxa2+ 49. Kg1 h4 50. Be4 Rb2 51. Rb8 1/2-1/2